Tasty Counties of U.S.A. - Statistics

General Stats
  • This quiz has been taken 249 times
    203 since last reset
  • The average score is 4 of 22
Answer Stats
Answer % Correct
Orange
93%
Peach
50%
Coffee
33%
Citrus
26%
Cherry
22%
Rice
22%
Bacon
21%
Bourbon
16%
Coke
13%
Lamb
13%
Elk
10%
Buffalo
9%
Cobb (Lettuce)
9%
Curry
8%
Antelope
3%
Crisp
3%
Pike
3%
Sunflower (Seeds)
3%
(Creme) Brule
1%
Jack
1%
Rusk
1%
Bibb (Lettuce)
0%
No matching quizzes found
Score Distribution
Percent of People with Each Score
Percentile by Number Answered
Your Score History
You have not taken this quiz since the last reset